[Event "Barcelona Sant Marti op 10th"]
[Site "Barcelona"]
[Date "2023.02.23"]
[Round "7"]
[White "Nicolas Corominas, Francisco"]
[Black "Rojas Fernandez, Andres"]
[Result "0-1"]
[WhiteElo "1773"]
[BlackElo "1864"]
[PlyCount "96"]
[EventDate "2023.01.12"]
[EventType "swiss"]
[EventRounds "9"]
[EventCountry "ESP"]
[SourceTitle "CBM 213 Extra"]
[Source "ChessBase"]
[SourceDate "2023.05.31"]
[SourceVersion "1"]
[SourceVersionDate "2023.05.31"]
[SourceQuality "1"]

1. e4 e6 2. d4 d5 3. Nd2 Nf6 4. e5 Nfd7 5. Bd3 c5 6. c3 Nc6 7. Ne2 Qb6 8. Nf3 f6 9. exf6 Nxf6 10. 0-0 cxd4 11. cxd4 Bd6 12. a3 0-0 13. b4 e5 14. dxe5 Nxe5 15. Nxe5 Bxe5 16. Rb1 Ng4 17. Qe1 Bxh2+ 18. Kh1 Be5 19. f3 Ne3 20. Qh4 Bf5 21. Bxf5 Nxf5 22. Qf2 Qg6 23. Bf4 Bxf4 24. Nxf4 Qd6 25. Ne2 Rf6 26. g3 Re8 27. Nf4 Nxg3+ 28. Qxg3 Rxf4 29. Rbe1 Ref8 30. Rf2 Qf6 31. Ref1 Rh4+ 32. Rh2 Rf4 33. Rh3 d4 34. Kg2 d3 35. Rfh1 Qb2+ 36. Qf2 Qxf2+ 37. Kxf2 h6 38. Ke3 a5 39. Rd1 axb4 40. Rxd3 bxa3 41. Rxa3 b5 42. Rb3 b4 43. Rg3 Rc4 44. Kd3 Rfc8 45. Rg4 Rc3+ 46. Rxc3 Rxc3+ 47. Ke2 b3 48. Rb4 Kh7 0-1

[Event "Barcelona Sant Marti op 10th"]
[Site "Barcelona"]
[Date "2023.01.19"]
[Round "2"]
[White "Perez Pastora, Evaristo"]
[Black "Nicolas Corominas, Francisco"]
[Result "1-0"]
[WhiteElo "2121"]
[BlackElo "1773"]
[PlyCount "95"]
[EventDate "2023.01.12"]
[EventType "swiss"]
[EventRounds "9"]
[EventCountry "ESP"]
[SourceTitle "CBM 213 Extra"]
[Source "ChessBase"]
[SourceDate "2023.05.31"]
[SourceVersion "1"]
[SourceVersionDate "2023.05.31"]
[SourceQuality "1"]

1. e4 e5 2. Nf3 Nc6 3. Bb5 a6 4. Ba4 Nge7 5. c3 g6 6. d4 exd4 7. cxd4 d5 8. exd5 Nxd5 9. 0-0 Bg7 10. Ne5 Qf6 11. Nxc6 bxc6 12. Re1+ Kf8 13. Nc3 Nb6 14. Ne4 Qxd4 15. Bxc6 Qxd1 16. Rxd1 Rb8 17. Bf4 Nc4 18. Bxc7 Rxb2 19. Rac1 Be6 20. Nc5 Ne5 21. Bd6+ Kg8 22. Nxe6 fxe6 23. Ba4 Rb7 24. f4 Ng4 25. Bc6 Ra7 26. Bc5 Rc7 27. Bb6 Re7 28. Bd8 Ra7 29. Bf3 Nf6 30. Bb6 Re7 31. Bc5 Rc7 32. Bd6 Rd7 33. Bc6 Ra7 34. Bb8 Re7 35. Ba4 Kf7 36. Bd6 Ra7 37. Bb3 Re8 38. Re1 Nd5 39. g3 Rd8 40. Rc6 a5 41. Bc5 Rc7 42. Rexe6 Rxc6 43. Rxc6 Ke8 44. Re6+ Kf7 45. Ra6 Bc3 46. Ra7+ Kf6 47. Rxh7 Nb4 48. Rf7# 1-0